[Event "ICS rated lightning match, 131"]
[Site "ICS rated lightning match, 13"]
[Date "1997.??.??"]
[Round "?"]
[White "Brause"]
[Black "jezdec"]
[Result "1/2-1/2"]
[WhiteElo "2065"]
[BlackElo "1965"]
[PlyCount "307"]

1. e4 e6 2. d4 d5 3. c4 dxe4 4. Nc3 Bb4 5. Be3 Nf6 6. Qc2 O-O 7. Be2 b6
8. Nh3 Bb7 9. O-O h6 10. a3 Bd6 11. Rfe1 Nbd7 12. Qb3 c5 13. Nb5 Qe7
14. Nxd6 Qxd6 15. Rad1 Qe7 16. Qc3 Rfd8 17. dxc5 Nxc5 18. Bd4 Rac8
19. b4 Ncd7 20. Qg3 e5 21. Be3 Kh8 22. Bd2 Nf8 23. Kh1 Ng6 24. Be3 Rxd1
25. Rxd1 Rd8 26. Rxd8+ Qxd8 27. c5 bxc5 28. Bxc5 Qd5 29. Bxa7 Qa2
30. Ng1 Nf4 31. Qe3 Nxe2 32. Qxe2 Qxa3 33. Bc5 Qa1 34. Qb5 Bd5
35. Qb8+ Kh7 36. Qd6 Be6 37. b5 Qb1 38. b6 Qb5 39. Qxe5 Qc6 40. Qc7 Qxc7
41. bxc7 Nd5 42. Bd6 Bc8 43. Ne2 f5 44. h3 Kg6 45. Be5 Kf7 46. Kg1 g6
47. Nd4 h5 48. h4 Ke7 49. Kh2 Kd7 50. Ne2 Ba6 51. Nf4 Nxf4 52. Bxf4 Ke6
53. g3 Bc8 54. Kg2 Kd5 55. Kf1 Kd4 56. Ke2 Bd7 57. Kd2 Bc8 58. Be3+ Kc4
59. Bg5 Kd4 60. Bf6+ Kc4 61. Ke3 Kd5 62. Kf4 Ke6 63. Kg5 Kf7 64. Bd4 Ba6
65. Be5 Bc8 66. Bc3 Ba6 67. Ba5 Bc8 68. Bb6 Ba6 69. Kf4 Ke6 70. Bd4 Bc8
71. Kg5 Kf7 72. Bh8 Ba6 73. Bb2 Bc8 74. Ba3 Ba6 75. Bb4 Bc8 76. Bd2 Ba6
77. Kf4 Ke6 78. Bc3 Bc8 79. Kg5 Kf7 80. Ba1 Ba6 81. Kh6 Bc8 82. Bd4 Ba6
83. Be5 Bc8 84. Kh7 Ba6 85. Bd4 Bc8 86. Bg7 Ba6 87. Kh6 Bc8 88. Bc3 Ba6
89. Bd2 Bc8 90. Be3 Ba6 91. Kg5 Bc8 92. Bc5 Ba6 93. Kf4 Ke6 94. Bb4 Bb7
95. Kg5 Kf7 96. Bd6 Ba6 97. Bf4 Bc8 98. Kh6 Bb7 99. Bd6 Kf6 100. Bc5 Bc8
101. Be3 Ba6 102. Bg5+ Kf7 103. g4 fxg4 104. Kh7 Bc8 105. Be3 Bf5
106. Kh6 Bc8 107. Kg5 Bf5 108. Bd4 Ke8 109. Be5 Kd7 110. Kf6 Kc8
111. Ke7 Bd7 112. Kd6 Bf5 113. Bf4 Bd7 114. Be3 Bf5 115. Bd4 Bd7
116. Ba7 Bf5 117. Bb6 Bd7 118. Bd4 Bf5 119. Kc6 Bd7+ 120. Kb6 Bf5
121. Be5 Bd7 122. Bg3 Ba4 123. Kc5 Bd7 124. Kd6 Bf5 125. Be5 Bd7
126. Bc3 Bf5 127. Bd2 Bd7 128. Bg5 Ba4 129. Be3 Bd7 130. Bc5 Ba4
131. Bb4 Bd7 132. Bd2 Bf5 133. Bg5 Bd7 134. Bh6 Bf5 135. Bc1 Bd7
136. Bf4 Bf5 137. Kc6 Bd7+ 138. Kb6 Ba4 139. Bg5 Bd7 140. Bd2 Bf5
141. Bf4 Bd7 142. Be5 Bf5 143. Bd6 Bd7 144. Bc5 Bf5 145. Be3 Bd7
146. Bg5 Bf5 147. Bc1 Bd7 148. Ba3 Bf5 149. Bb4 Bd7 150. Bc3 Bf5
151. Bf6 Bd7 152. Ba1 Bf5 153. Kc5 Bd7 154. Bf6 1/2-1/2

[Event "ICS rated blitz match, 208.196"]
[Site "ICS rated blitz match, 208.19"]
[Date "1997.??.??"]
[Round "?"]
[White "Brause"]
[Black "tactica"]
[Result "0-1"]
[WhiteElo "2565"]
[BlackElo "2090"]
[PlyCount "62"]

1. e4 e6 2. d4 d5 3. c4 dxe4 4. Nc3 Bb4 5. Qa4+ Nc6 6. Be3 Bd7
7. Qb3 Nf6 8. O-O-O Bxc3 9. Qxc3 Qe7 10. Be2 O-O 11. Kb1 a5 12. d5 exd5
13. cxd5 Nb4 14. Bc5 Qe8 15. Bxf8 Qxf8 16. Qxc7 Bf5 17. g4 Bg6
18. Ka1 Nfxd5 19. Qg3 Qc5 20. Nh3 e3 21. Rc1 Nc2+ 22. Rxc2 Qxc2
23. Bf3 Nb4 24. Qc7 Qxc7 25. Bc6 Qxc6 26. Rd1 Nc2+ 27. Kb1 e2 28. Rd8+ Rxd8
29. a3 e1=Q+ 30. Ka2 Qc4+ 31. b3 Qa1+ 0-1

[Event "ICS rated blitz match, 208.196"]
[Site "ICS rated blitz match, 208.19"]
[Date "1997.??.??"]
[Round "?"]
[White "Brause"]
[Black "IronJay"]
[Result "1-0"]
[WhiteElo "2545"]
[BlackElo "2010"]
[PlyCount "49"]

1. e4 e6 2. d4 d5 3. c4 dxe4 4. Nc3 Bb4 5. Qa4+ Nc6 6. Be3 Bxc3+
7. bxc3 Bd7 8. Qb3 b6 9. Be2 Nf6 10. Nh3 O-O 11. O-O Na5 12. Qc2 h6
13. Rae1 Nh7 14. Qxe4 e5 15. Qxe5 Bxh3 16. gxh3 Nf6 17. c5 Qd7
18. Bxh6 Qxh3 19. Bg5 Qe6 20. cxb6 axb6 21. Bf3 Rae8 22. Qxc7 Qxe1
23. Rxe1 Rxe1+ 24. Kg2 Ne4 25. Be3 1-0

[Event "ICS rated blitz match, 208.196"]
[Site "ICS rated blitz match, 208.19"]
[Date "1997.??.??"]
[Round "?"]
[White "Brause"]
[Black "IronJay"]
[Result "1-0"]
[WhiteElo "2545"]
[BlackElo "2060"]
[PlyCount "67"]

1. e4 e6 2. d4 d5 3. c4 dxe4 4. Nc3 Bb4 5. Qa4+ Nc6 6. Be3 Bxc3+
7. bxc3 Nf6 8. Be2 O-O 9. Rd1 Qe7 10. Qb5 a6 11. Qb1 h6 12. Qb3 g5
13. h4 Kg7 14. hxg5 hxg5 15. Bxg5 Rh8 16. Rxh8 Kxh8 17. Kf1 Kg7
18. Qc2 b6 19. Bxf6+ Qxf6 20. Qxe4 Bb7 21. Nf3 Rh8 22. Kg1 Qh6
23. Qg4+ Kf8 24. Kf1 Qh1+ 25. Ng1 Ne7 26. Bf3 Bxf3 27. Qxf3 Nf5
28. c5 b5 29. d5 Rh2 30. dxe6 fxe6 31. Rd7 Ke8 32. Rxc7 Kd8 33. Ra7 Nh4
34. Qf8+ 1-0

[Event "ICS rated blitz match, 208.196"]
[Site "ICS rated blitz match, 208.19"]
[Date "1997.??.??"]
[Round "?"]
[White "Brause"]
[Black "Bergsson"]
[Result "1-0"]
[WhiteElo "2555"]
[BlackElo "2390"]
[PlyCount "134"]

1. e4 e6 2. d4 d5 3. c4 c6 4. cxd5 cxd5 5. e5 Nc6 6. Nf3 Bd7 7. Nc3 a6
8. Bd3 Nge7 9. O-O Qb6 10. Na4 Qc7 11. Bd2 Nf5 12. Bxf5 exf5 13. Qb3 Be6
14. g3 h6 15. Rac1 Be7 16. Bb4 Rd8 17. Bc5 Bxc5 18. Nxc5 Rb8 19. Rc2 O-O
20. a3 Rfc8 21. Rfc1 Qa5 22. Nxb7 Qc7 23. Rxc6 Qxc6 24. Rxc6 Rxc6
25. Kg2 Rc7 26. Qd3 Rcxb7 27. b4 Rb6 28. Nd2 a5 29. bxa5 Rb5 30. a6 Ra5
31. Kf3 Ra8 32. Nb1 R8xa6 33. h4 Rb6 34. Kf4 Rb2 35. Qc3 Rab5 36. Nd2 Rb8
37. f3 Ra2 38. Qd3 Rbb2 39. Nf1 Ra1 40. Ne3 g6 41. Qc3 Rba2 42. Qc6 Rxa3
43. Nc2 R1a2 44. Nxa3 Rxa3 45. Qc5 Rb3 46. Qc2 Rb4 47. Qd2 Rb3
48. Qd1 Ra3 49. Qe2 Kg7 50. Qc2 g5+ 51. hxg5 hxg5+ 52. Kxg5 Rxf3
53. Qh2 Kf8 54. Qg2 Rd3 55. Qg1 Kg7 56. Qf2 Rb3 57. Qf4 Rd3 58. Qh4 Kf8
59. Kf6 Ke8 60. Qf4 Rd1 61. Qf3 Re1 62. Qa3 Kd7 63. Qe7+ Kc6 64. Qd6+ Kb5
65. Qc5+ Ka4 66. Qc2+ Kb5 67. Qb3+ Ka6 1-0

[Event "ICS rated blitz match, 208.196"]
[Site "ICS rated blitz match, 208.19"]
[Date "1997.??.??"]
[Round "?"]
[White "Brause"]
[Black "AdamfromEC"]
[Result "1-0"]
[WhiteElo "2575"]
[BlackElo "1930"]
[PlyCount "37"]

1. e4 e6 2. d4 d5 3. c4 c6 4. cxd5 cxd5 5. e5 Nc6 6. Nf3 Qb6 7. Nc3 Nge7
8. Na4 Qc7 9. Bd3 Ng6 10. O-O Be7 11. Bxg6 hxg6 12. Bf4 O-O 13. Rc1 Bd7
14. Nc5 Bxc5 15. Rxc5 Qb6 16. Qd2 Rac8 17. Rfc1 Na5 18. Qxa5 Qxa5
19. Rxa5 1-0

[Event "ICS rated blitz match, 208.196"]
[Site "ICS rated blitz match, 208.19"]
[Date "1997.??.??"]
[Round "?"]
[White "Brause"]
[Black "BigSwede"]
[Result "1-0"]
[WhiteElo "2585"]
[BlackElo "2130"]
[PlyCount "87"]

1. e4 e6 2. d4 d5 3. c4 dxe4 4. Nc3 Bb4 5. Qa4+ Nc6 6. Be3 Bxc3+
7. bxc3 Nf6 8. Be2 O-O 9. Rd1 Qe7 10. Qb5 Qa3 11. Qb3 Qxb3 12. axb3 Ne8
13. Nh3 f5 14. O-O Nf6 15. Bf4 Rf7 16. b4 g6 17. b5 Nd8 18. Rfe1 c6
19. Ng5 Re7 20. bxc6 Nxc6 21. d5 exd5 22. cxd5 Nd8 23. Bc4 Rd7
24. Bb5 Re7 25. Bd6 Rg7 26. Be5 h6 27. Bxf6 hxg5 28. Bxd8 Bd7 29. Bxd7 Rxd7
30. Bxg5 a5 31. c4 b6 32. Rb1 Kf7 33. Rxb6 a4 34. Rf6+ Kg7 35. Rb1 a3
36. Rfb6 a2 37. Ra1 Rc7 38. d6 Rxc4 39. d7 Rc2 40. d8=Q Rxd8 41. Rb7+ Kf8
42. Bxd8 Ke8 43. Bf6 f4 44. Rd1 1-0

[Event "ICS rated blitz match, 208.196"]
[Site "ICS rated blitz match, 208.19"]
[Date "1997.??.??"]
[Round "?"]
[White "Brause"]
[Black "vvs80"]
[Result "1-0"]
[WhiteElo "2625"]
[BlackElo "2190"]
[PlyCount "37"]

1. e4 e6 2. d4 d5 3. c4 dxe4 4. Nc3 Nf6 5. f3 exf3 6. Nxf3 Be7
7. Bd3 O-O 8. O-O b6 9. Be3 Bb7 10. Qe2 Nbd7 11. Rad1 c6 12. Bf4 Rc8
13. Ng5 h6 14. Nge4 Nxe4 15. Nxe4 Nf6 16. Rf2 c5 17. Nxf6+ Bxf6
18. dxc5 Qc7 19. Bxc7 1-0

[Event "ICS rated blitz match, 208.196"]
[Site "ICS rated blitz match, 208.19"]
[Date "1997.??.??"]
[Round "?"]
[White "Brause"]
[Black "vvs80"]
[Result "1-0"]
[WhiteElo "2625"]
[BlackElo "2205"]
[PlyCount "56"]

1. e4 e6 2. d4 d5 3. c4 dxe4 4. Nc3 Nf6 5. f3 Nc6 6. Be3 exf3 7. Nxf3 Be7
8. Be2 Ng4 9. Bf4 g5 10. Nxg5 Bxg5 11. Bxg5 Qxg5 12. Bxg4 Qe3+
13. Ne2 e5 14. Bxc8 Rxc8 15. d5 Nd4 16. Qd2 Qe4 17. Kf2 Rg8 18. Ng3 Qh4
19. Rhe1 Kd7 20. Kg1 Rg5 21. Qf2 Rcg8 22. Qxf7+ Kc8 23. Re4 Qh6
24. Rxe5 Rxe5 25. Qxg8+ Kd7 26. Qg4+ Kd6 27. Qxd4 Re1+ 28. Rxe1 Qe3+
1-0

[Event "ICS rated blitz match, 208.196"]
[Site "ICS rated blitz match, 208.19"]
[Date "1997.??.??"]
[Round "?"]
[White "Brause"]
[Black "vvs80"]
[Result "1-0"]
[WhiteElo "2655"]
[BlackElo "2335"]
[PlyCount "63"]

1. e4 e6 2. d4 d5 3. c4 dxe4 4. Nc3 c5 5. d5 exd5 6. cxd5 Nf6 7. Bg5 Be7
8. Bxf6 Bxf6 9. Qa4+ Bd7 10. Qxe4+ Qe7 11. Qxe7+ Kxe7 12. Bd3 Re8
13. Nge2 Bg4 14. O-O-O a6 15. f3 Bh5 16. Ng3 Bg6 17. Rhe1+ Kd8
18. Rxe8+ Kxe8 19. Nce4 Nd7 20. Nd6+ Kd8 21. Bxg6 fxg6 22. Nxb7+ Kc7
23. Na5 Rb8 24. b3 Ne5 25. Ne4 Kd7 26. f4 Ng4 27. Nxc5+ Kd6 28. Nxa6 Ra8
29. Nc4+ Ke7 30. Re1+ Kd8 31. Nb4 Bc3 32. Nc6+ 1-0

[Event "ICS rated blitz match, 208.196"]
[Site "ICS rated blitz match, 208.19"]
[Date "1997.??.??"]
[Round "?"]
[White "Brause"]
[Black "Dannero"]
[Result "1-0"]
[WhiteElo "2605"]
[BlackElo "2110"]
[PlyCount "91"]

1. e4 e6 2. d4 d5 3. c4 dxe4 4. Nc3 f5 5. Be2 Nf6 6. Nh3 b6 7. O-O Bb7
8. Nf4 Qd7 9. d5 exd5 10. Ncxd5 Nxd5 11. cxd5 Bd6 12. Ne6 Kf7 13. Qd4 Rg8
14. Ng5+ Ke8 15. Nxh7 Qf7 16. Rd1 Nd7 17. Ng5 Qf6 18. Ne6 Qxd4
19. Nxd4 g6 20. Bg5 Ne5 21. Ne6 Rc8 22. Rac1 Kf7 23. Bh4 Rge8 24. Ng5+ Kg7
25. Bb5 Rh8 26. Ne6+ Kf7 27. Bg3 a6 28. Be2 Rhe8 29. Bf4 Rxe6 30. dxe6+ Kxe6
31. Rc3 Bb4 32. Rg3 Rg8 33. Bxe5 Kxe5 34. h4 Bd5 35. h5 g5 36. a3 f4
37. Rh3 Be6 38. axb4 Bxh3 39. gxh3 f3 40. Bc4 Rh8 41. Bf7 Rf8 42. Rd5+ Kf4
43. Bg6 e3 44. Rd4+ Ke5 45. Re4+ Kd5 46. Rxe3 1-0

[Event "ICS rated blitz match, 208.196"]
[Site "ICS rated blitz match, 208.19"]
[Date "1997.??.??"]
[Round "?"]
[White "Brause"]
[Black "Dannero"]
[Result "1-0"]
[WhiteElo "2605"]
[BlackElo "2110"]
[PlyCount "57"]

1. e4 e6 2. d4 d5 3. c4 dxe4 4. Nc3 Nf6 5. f3 exf3 6. Nxf3 Be7
7. Bd3 b6 8. O-O Bb7 9. Be3 Nbd7 10. Qa4 O-O 11. Rad1 Qc8 12. b4 c5
13. dxc5 bxc5 14. b5 a6 15. Qb3 a5 16. Ng5 Nb6 17. Rxf6 Bxf6 18. Nxh7 Be5
19. Nxf8 Qxf8 20. Na4 Nxa4 21. Qxa4 Qe7 22. h3 Qh4 23. Bxc5 Qg3
24. Qc2 g6 25. Qf2 Qh2+ 26. Kf1 Rd8 27. a4 Be4 28. Ke2 Bb7 29. Bxg6 1-0

[Event "ICS rated blitz match, 208.196"]
[Site "ICS rated blitz match, 208.19"]
[Date "1997.??.??"]
[Round "?"]
[White "Brause"]
[Black "Dannero"]
[Result "1-0"]
[WhiteElo "2610"]
[BlackElo "2110"]
[PlyCount "95"]

1. e4 e6 2. d4 d5 3. c4 dxc4 4. Bxc4 c5 5. Be3 cxd4 6. Qxd4 Qxd4
7. Bxd4 Nc6 8. Nf3 Bd7 9. O-O Nxd4 10. Nxd4 Bc5 11. Rd1 Nf6 12. Nc3 O-O-O
13. Be2 a6 14. e5 Nd5 15. Nxd5 Bxd4 16. Ne7+ Kb8 17. Rxd4 Rhe8
18. Rg4 Rxe7 19. Rxg7 Bc6 20. Rxh7 Rd2 21. Bh5 Rxb2 22. Bxf7 Bd5
23. a4 Rc7 24. h4 Rcc2 25. Rf1 Bc4 26. Rh8+ Ka7 27. Rc8 Bxf1 28. Rxc2 Rxc2
29. Kxf1 Rc4 30. g3 Rxa4 31. Bxe6 Rd4 32. f4 b5 33. f5 Kb6 34. f6 Kc5
35. Bb3 Rd8 36. e6 Kd6 37. e7 Rh8 38. g4 a5 39. g5 a4 40. Bg8 Rxg8
41. f7 Rc8 42. e8=Q Rc1+ 43. Kg2 Rc2+ 44. Kf3 Rc3+ 45. Kg4 Rc4+
46. Kf5 a3 47. f8=Q+ Kd5 48. Qd7+ 1-0

[Event "ICS Rated Blitz match, 131.246"]
[Site "ICS Rated Blitz match, 131.24"]
[Date "1997.??.??"]
[Round "?"]
[White "Brause"]
[Black "smithers"]
[Result "1-0"]
[WhiteElo "2275"]
[BlackElo "2040"]
[PlyCount "51"]

1. e4 e6 2. d4 d5 3. c4 dxe4 4. Nc3 Bb4 5. Qb3 Nc6 6. Ne2 Nf6 7. Bg5 O-O
8. O-O-O Be7 9. d5 exd5 10. cxd5 Ne5 11. Bxf6 Bxf6 12. Nxe4 Bf5
13. N2g3 Bg6 14. Qxb7 Rb8 15. Qa6 Rb6 16. Qa4 Qe7 17. Be2 Rfb8
18. b3 Rb4 19. Qxa7 R8b7 20. Qe3 R4b6 21. Nxf6+ Qxf6 22. f4 Nd7
23. Qd4 Qd6 24. f5 Qa3+ 25. Qb2 Qc5+ 26. Kb1 1-0

[Event "ICS rated blitz match, 164.58."]
[Site "ICS rated blitz match, 164.58"]
[Date "1997.??.??"]
[Round "?"]
[White "Brause"]
[Black "kastle"]
[Result "1-0"]
[WhiteElo "2330"]
[BlackElo "2685"]
[PlyCount "49"]

1. e4 e6 2. d4 d5 3. c4 dxe4 4. Nc3 Bb4 5. Qb3 Bxc3+ 6. Qxc3 Nc6
7. d5 exd5 8. Qxg7 Qf6 9. Qxf6 Nxf6 10. Bg5 Nd7 11. cxd5 Nb4 12. O-O-O O-O
13. Be7 Re8 14. Bxb4 Nb6 15. d6 cxd6 16. Rxd6 Be6 17. Bb5 Rac8+
18. Kb1 Nc4 19. Bxe8 Rxe8 20. Rd4 Rc8 21. Ne2 a5 22. Bc3 b5 23. Rhd1 b4
24. Rd8+ Rxd8 25. Rxd8+ 1-0

[Event "ICS rated blitz match, 208.196"]
[Site "ICS rated blitz match, 208.19"]
[Date "1997.??.??"]
[Round "?"]
[White "Brause"]
[Black "Drakko"]
[Result "1-0"]
[WhiteElo "2580"]
[BlackElo "1945"]
[PlyCount "43"]

1. e4 e6 2. d4 d5 3. c4 dxe4 4. Nc3 Nf6 5. f3 exf3 6. Nxf3 Bb4
7. Be2 Ne4 8. Qd3 f5 9. Bf4 c5 10. O-O O-O 11. Nxe4 fxe4 12. Qxe4 Nc6
13. a3 Ba5 14. dxc5 Bc7 15. Bxc7 Qxc7 16. Ng5 g6 17. Rxf8+ Kxf8
18. Qxe6 Qxh2+ 19. Kxh2 Bxe6 20. Nxe6+ Ke7 21. Nf4 Rd8 22. Nd5+ 1-0

[Event "ICS rated blitz match, 131.246"]
[Site "ICS rated blitz match, 131.24"]
[Date "1997.??.??"]
[Round "?"]
[White "Brause"]
[Black "Klaus"]
[Result "1-0"]
[WhiteElo "2250"]
[BlackElo "1985"]
[PlyCount "61"]

1. e4 e6 2. d4 d5 3. c4 dxe4 4. Nc3 f6 5. Nxe4 Bb4+ 6. Nc3 Qe7
7. Bd3 Nh6 8. Bxh6 gxh6 9. Qh5+ Qf7 10. Qxh6 Bxc3+ 11. bxc3 Nc6
12. Be2 Ke7 13. Nf3 Bd7 14. O-O Rag8 15. Rab1 b6 16. Bd3 Qg7 17. Qxg7+ Rxg7
18. Rbe1 Kf7 19. d5 Nd8 20. Re3 Rhg8 21. g3 e5 22. Nd2 h5 23. f4 h4
24. fxe5 Bh3 25. Rxf6+ Ke7 26. Rh6 hxg3 27. d6+ cxd6 28. exd6+ Kd7
29. Re7+ Kc6 30. Be4+ Kc5 31. Re5+ 1-0

[Event "ICS Rated blitz match, 192.231"]
[Site "ICS Rated blitz match, 192.23"]
[Date "1997.??.??"]
[Round "?"]
[White "Brause"]
[Black "mehitabel"]
[Result "1-0"]
[WhiteElo "2510"]
[BlackElo "1985"]
[PlyCount "67"]

1. e4 e6 2. d4 d5 3. c4 c6 4. Nc3 Nf6 5. exd5 exd5 6. Bg5 Be7 7. Bxf6 Bxf6
8. Qe2+ Be6 9. cxd5 cxd5 10. Qb5+ Qd7 11. Qxd7+ Nxd7 12. Nf3 O-O
13. Be2 a6 14. O-O b5 15. Rac1 Rac8 16. Bd3 Nb6 17. Rfe1 Nc4 18. Bxc4 dxc4
19. Ne4 Bd5 20. Nxf6+ gxf6 21. Nh4 Rfe8 22. Nf5 Rxe1+ 23. Rxe1 Rd8
24. Ne7+ Kg7 25. f4 b4 26. Re3 a5 27. Kf2 a4 28. g4 h6 29. Nf5+ Kh7
30. Rh3 Be4 31. Rxh6+ Kg8 32. Rxf6 Bxf5 33. Rxf5 Rxd4 34. Ke3 1-0

[Event "ICS Rated blitz match, 192.231"]
[Site "ICS Rated blitz match, 192.23"]
[Date "1997.??.??"]
[Round "?"]
[White "Brause"]
[Black "aatos85"]
[Result "1-0"]
[WhiteElo "2510"]
[BlackElo "2190"]
[PlyCount "57"]

1. e4 e6 2. d4 d5 3. c4 dxe4 4. Nc3 Bb4 5. f3 e3 6. Bxe3 Nf6 7. Bd3 O-O
8. Ne2 c5 9. O-O Nc6 10. dxc5 Ne5 11. Nc1 Bxc3 12. bxc3 Nxd3 13. Nxd3 Bd7
14. Bd4 Bc6 15. Qb3 Nd7 16. Nb4 Qc7 17. Rab1 Rab8 18. a4 e5 19. Be3 a6
20. Qa3 Nf6 21. Qb3 Qd7 22. Nxc6 Qxc6 23. Rfd1 Nd7 24. Rd5 Rfc8
25. Qd1 Nf8 26. Rxe5 h6 27. Qd5 Qxa4 28. Re7 Qc2 29. Qxf7+ 1-0

[Event "ICS Rated blitz match, 192.231"]
[Site "ICS Rated blitz match, 192.23"]
[Date "1997.??.??"]
[Round "?"]
[White "Brause"]
[Black "Bonkers"]
[Result "1-0"]
[WhiteElo "2515"]
[BlackElo "2035"]
[PlyCount "83"]

1. e4 e6 2. d4 d5 3. c4 dxe4 4. Nc3 Nf6 5. f3 e3 6. Bxe3 b6 7. Bd3 Bb7
8. Nge2 Nbd7 9. O-O Be7 10. Nf4 O-O 11. Qb3 e5 12. dxe5 Nxe5 13. Rad1 Nxd3
14. Rxd3 Qc8 15. Ncd5 Nxd5 16. Nxd5 Bxd5 17. cxd5 Bd6 18. Rc1 Qf5
19. Rdc3 Rfe8 20. Qc4 Re7 21. Qd3 Qxd3 22. Rxd3 Rae8 23. Re1 Rxe3
24. Rexe3 Bc5 25. Kf2 f5 26. Ke2 Rxe3+ 27. Rxe3 Bxe3 28. Kxe3 Kf7
29. Kd4 Ke7 30. Ke5 g6 31. h4 a5 32. h5 b5 33. f4 b4 34. b3 gxh5
35. Kxf5 Kd6 36. Ke4 Ke7 37. Ke5 Kf7 38. f5 Ke7 39. f6+ Kf7 40. g3 h6
41. Kf5 Kf8 42. Kg6 1-0

[Event "ICS rated blitz match, 192.231"]
[Site "ICS rated blitz match, 192.23"]
[Date "1997.??.??"]
[Round "?"]
[White "Brause"]
[Black "Kesha"]
[Result "1-0"]
[WhiteElo "2580"]
[BlackElo "2275"]
[PlyCount "81"]

1. e4 e6 2. d4 d5 3. c4 dxe4 4. Nc3 Nf6 5. f3 c5 6. d5 exd5 7. cxd5 exf3
8. Nxf3 Bd6 9. Bb5+ Bd7 10. Qe2+ Qe7 11. Bg5 O-O 12. O-O Qxe2 13. Bxe2 a6
14. Bxf6 gxf6 15. Ne4 Be5 16. Nxc5 Bc8 17. Nd3 Nd7 18. Bd1 b5 19. Bb3 Bb7
20. Rae1 Rfe8 21. Nfxe5 Nxe5 22. Nxe5 Rxe5 23. Rxe5 fxe5 24. d6 Rf8
25. Rxf7 Bc8 26. d7 Bxd7 27. Rxd7+ Kh8 28. Bc2 h6 29. Rh7+ Kg8
30. Rxh6 Rc8 31. Be4 a5 32. Ra6 a4 33. Ra8 Rxa8 34. Bxa8 Kg7 35. g4 Kf6
36. h4 b4 37. g5+ Kg6 38. Be4+ Kh5 39. Kf2 a3 40. bxa3 bxa3 41. Ke3 1-0

[Event "ICS rated blitz match, 192.231"]
[Site "ICS rated blitz match, 192.23"]
[Date "1997.??.??"]
[Round "?"]
[White "Brause"]
[Black "Zoran"]
[Result "1-0"]
[WhiteElo "2605"]
[BlackElo "2050"]
[PlyCount "73"]

1. e4 e6 2. d4 d5 3. c4 dxe4 4. Nc3 f5 5. Be2 Nf6 6. Be3 Bb4 7. Nh3 O-O
8. Qb3 a5 9. O-O Bxc3 10. Qxc3 b6 11. Bf4 Bb7 12. Rad1 Na6 13. Rfe1 Re8
14. Ng5 h6 15. Nh3 Rc8 16. Qg3 Kh8 17. Qb3 Qe7 18. Qc3 Qb4 19. Qc2 Kh7
20. a3 Qe7 21. Be5 Ng4 22. Bxg4 fxg4 23. Nf4 Qg5 24. Ne2 c5 25. Ng3 Rf8
26. Qb3 cxd4 27. Bxd4 Bc6 28. Qxb6 Nb8 29. Nxe4 Qf4 30. Nc5 Rfe8
31. Nxe6 Rxe6 32. Rxe6 Rd8 33. Qxd8 Qf5 34. Re7 Qg6 35. Qf8 Nd7
36. Rxg7+ Qxg7 37. Qxg7+ 1-0

[Event "ICS rated blitz match, 192.231"]
[Site "ICS rated blitz match, 192.23"]
[Date "1997.??.??"]
[Round "?"]
[White "Brause"]
[Black "Tyrisha"]
[Result "1-0"]
[WhiteElo "2525"]
[BlackElo "1985"]
[PlyCount "43"]

1. e4 e6 2. d4 d5 3. c4 dxe4 4. Nc3 Nf6 5. f3 e3 6. Bxe3 c5 7. dxc5 Qc7
8. Nb5 Qc6 9. Nd6+ Bxd6 10. Qxd6 Qxd6 11. cxd6 b6 12. Bd3 O-O 13. Ne2 Na6
14. O-O Rd8 15. Rad1 Bb7 16. Nc3 g6 17. Bg5 Kg7 18. Ne4 Nxe4 19. Bxd8 Nxd6
20. Be7 Nf5 21. Bxf5 exf5 22. b3 1-0

[Event "ICS Rated blitz match, 192.231"]
[Site "ICS Rated blitz match, 192.23"]
[Date "1997.??.??"]
[Round "?"]
[White "Brause"]
[Black "Eren"]
[Result "1-0"]
[WhiteElo "2540"]
[BlackElo "1930"]
[PlyCount "59"]

1. e4 e6 2. d4 d5 3. c4 dxe4 4. Nc3 f5 5. Be2 Nf6 6. Be3 Bb4 7. Nh3 O-O
8. Qb3 Bxc3+ 9. Qxc3 a5 10. O-O Ng4 11. Bxg4 fxg4 12. Ng5 h6 13. Nxe4 b6
14. Rae1 Bb7 15. Ng3 Nd7 16. Re2 Nf6 17. Bf4 Nd5 18. cxd5 Qxd5
19. f3 Rxf4 20. fxg4 Rxf1+ 21. Nxf1 Rf8 22. b3 Rf4 23. h3 Re4 24. Rd2 Re1
25. Rf2 Re4 26. Qxc7 Rxd4 27. Qxb6 Rd1 28. Re2 Rxf1+ 29. Kxf1 Qd1+
30. Kf2 1-0

[Event "ICS rated blitz match, 192.231"]
[Site "ICS rated blitz match, 192.23"]
[Date "1997.??.??"]
[Round "?"]
[White "Brause"]
[Black "chessdawg"]
[Result "1-0"]
[WhiteElo "2560"]
[BlackElo "2135"]
[PlyCount "24"]

1. e4 e6 2. d4 d5 3. c4 dxe4 4. Nc3 Nf6 5. f3 exf3 6. Nxf3 Be7
7. Bd3 O-O 8. O-O c5 9. d5 exd5 10. cxd5 Nbd7 11. Bf4 Nb6 12. d6 Bxd6
1-0

[Event "ICS rated blitz match, 192.231"]
[Site "ICS rated blitz match, 192.23"]
[Date "1997.??.??"]
[Round "?"]
[White "Brause"]
[Black "Harmonica"]
[Result "1-0"]
[WhiteElo "2705"]
[BlackElo "2320"]
[PlyCount "84"]

1. e4 e6 2. d4 d5 3. c4 dxe4 4. Nc3 Nf6 5. f3 Bb4 6. Qa4+ Nc6 7. a3 Bxc3+
8. bxc3 O-O 9. Bg5 h6 10. Bh4 exf3 11. Nxf3 Qe8 12. Bxf6 gxf6 13. Qb3 b6
14. Bd3 Bb7 15. O-O Qe7 16. Rae1 Na5 17. Qb2 Kg7 18. Nd2 Rad8 19. c5 Bc6
20. cxb6 axb6 21. Re3 Kh8 22. Qb4 Qxb4 23. axb4 Nb7 24. b5 Bd7
25. Rxf6 Kg7 26. Ne4 Rh8 27. Rg3+ Kf8 28. Rgf3 Be8 29. Rxe6 Nd6
30. c4 Nxe4 31. Rxe4 Bd7 32. Ref4 Be8 33. Bg6 Rd7 34. Kf2 Kg7 35. Bd3 Re7
36. Be4 Bd7 37. Rg3+ Kf8 38. Bg6 Be8 39. Bf5 Bd7 40. Bxd7 Rxd7
41. h3 Re7 42. Re3 Rxe3 1-0

[Event "ICS rated blitz match, 192.231"]
[Site "ICS rated blitz match, 192.23"]
[Date "1997.??.??"]
[Round "?"]
[White "Brause"]
[Black "Harmonica"]
[Result "1-0"]
[WhiteElo "2710"]
[BlackElo "2315"]
[PlyCount "79"]

1. e4 e6 2. d4 d5 3. c4 dxe4 4. Nc3 Nf6 5. f3 e3 6. Bxe3 Be7 7. Bd3 c5
8. Nge2 Nc6 9. dxc5 Ne5 10. Nc1 Nxd3+ 11. Nxd3 O-O 12. O-O Bd7
13. b4 a5 14. b5 Qc7 15. b6 Qc6 16. Qc2 Rfd8 17. Rad1 Be8 18. Nb5 Nd7
19. Na7 Rxa7 20. bxa7 Ra8 21. Qf2 Rxa7 22. Rd2 f6 23. Rfd1 e5 24. a3 Ra8
25. Rb1 Rc8 26. Rb5 Ra8 27. Rd1 Bf7 28. Qb2 Ra7 29. Qc3 Bg6 30. Rxa5 Rxa5
31. Qxa5 Bxd3 32. Rxd3 Nxc5 33. Qa8+ Kf7 34. Rd5 Qb6 35. Kf2 Qb2+
36. Kg3 b6 37. Bxc5 Bxc5 38. Rd7+ Kg6 39. Qh8 Qf2+ 40. Kh3 1-0

[Event "ICS rated blitz match, 208.196"]
[Site "ICS rated blitz match, 208.19"]
[Date "1997.??.??"]
[Round "?"]
[White "Brause"]
[Black "falcon"]
[Result "1-0"]
[WhiteElo "2690"]
[BlackElo "2195"]
[PlyCount "78"]

1. e4 e6 2. d4 d5 3. c4 Bb4+ 4. Nc3 dxe4 5. f3 e3 6. Qb3 Nc6 7. Bxe3 a5
8. O-O-O Nf6 9. d5 exd5 10. Nxd5 Nxd5 11. cxd5 Ne7 12. Bb5+ Bd7
13. Bxd7+ Qxd7 14. a3 Bd6 15. Qxb7 O-O 16. Qb3 Rfb8 17. Qd3 a4
18. Ne2 Rb3 19. Nc3 Rab8 20. Rd2 Be5 21. Rhd1 Bxc3 22. bxc3 Qd6
23. Ra2 Rxa3 24. Qc4 Rxa2 25. Qxa2 a3 26. Rd2 Qxh2 27. Qxa3 Qh1+
28. Rd1 Qxg2 29. Rg1 Qe2 30. Qxe7 Qb2+ 31. Kd1 Qb1+ 32. Ke2 Qc2+
33. Bd2 h6 34. Qe5 Kf8 35. Qxg7+ Ke7 36. Qxh6 Re8 37. Kf2 Kd8 38. Ra1 Qd3
39. Ra8+ Kd7 1-0

[Event "ICS rated blitz match, 208.196"]
[Site "ICS rated blitz match, 208.19"]
[Date "1997.??.??"]
[Round "?"]
[White "Brause"]
[Black "falcon"]
[Result "1-0"]
[WhiteElo "2695"]
[BlackElo "2190"]
[PlyCount "45"]

1. e4 e6 2. d4 d5 3. c4 dxe4 4. Nc3 e3 5. fxe3 Nf6 6. Bd3 Be7 7. Nf3 c5
8. O-O O-O 9. b3 b6 10. d5 Bb7 11. e4 exd5 12. cxd5 Ne8 13. e5 f6
14. d6 Nxd6 15. exd6 Bxd6 16. Qc2 g6 17. Bh6 f5 18. Bc4+ Kh8 19. Nd5 Bxd5
20. Bxd5 Nd7 21. Bxf8 Qxf8 22. Qc3+ Nf6 23. Bxa8 1-0